| 000 | 01623nam a2200469 i 4500 | ||
|---|---|---|---|
| 001 | 29919 | ||
| 003 | KOSZ 005 | ||
| 005 | 20220510135628.0 | ||
| 008 | 040318s1993 pl |000 0 pol | ||
| 015 | _aUWD 2005/11521 | ||
| 020 | _a8385386394 | ||
| 035 | _a991026062019705066 | ||
| 035 | _a(PL-WaBN)b17091615-48omnis_nlop | ||
| 035 | _ab17091615 | ||
| 035 | _a(OCoLC)838610799 | ||
| 035 | _a(PL)b0000001709161 | ||
| 035 | _a(EXLNZ-48OMNIS_NETWORK)9910219019105606 | ||
| 040 |
_aWA N _cWA N _dKOSZ 005/HR |
||
| 041 | 1 |
_apol _heng |
|
| 046 | _k1964 | ||
| 080 | _a37.018.1 | ||
| 080 | _a159.922.7 | ||
| 100 | 1 |
_aWinnicott, D. W. _d(1896-1971) _eAutor |
|
| 245 | 1 | 0 |
_aDziecko, jego rodzina i świat / _cDonald Woods Winnicott ; [przekł. Alicja Bartosiewicz]. |
| 246 | 1 |
_iTyt. oryg.: _aChild, the family, and the outside world |
|
| 260 |
_aWarszawa : _bJacek Santorski & CO Agencja Wydawnicza, _c1993. |
||
| 300 |
_a245, [12] s. ; _c21 cm. |
||
| 336 |
_aTekst _btxt _2rdacontent |
||
| 337 |
_aBez urządzenia pośredniczącego _bn _2rdamedia |
||
| 338 |
_aWolumin _bnc _2rdacarrier |
||
| 380 | _aKsiążki | ||
| 388 | _a1901-2000 | ||
| 500 | _aTyt. oryg.: The child, the family, and the outside world, 1964. | ||
| 650 | 7 |
_aRozwój psychofizyczny dziecka _2DBN |
|
| 650 | 7 |
_aWychowanie w rodzinie _2DBN |
|
| 658 | _aPsychologia | ||
| 658 | _aEdukacja i pedagogika | ||
| 700 | 1 |
_aBartosiewicz, Alicja _eTłumaczenie |
|
| 856 |
_uhttp://koha.tu.koszalin.pl/cgi-bin/koha/opac-detail.pl?biblionumber=29919 _yKatalog online BPK |
||
| 942 |
_2UKD _cKS |
||
| 999 |
_c29919 _d29919 |
||